| 000 | 00405nam a22001577a 4500 | ||
|---|---|---|---|
| 003 | BD-ChCU | ||
| 005 | 20260111131308.0 | ||
| 008 | 260111b bg ||||| |||| 00| 0 ben d | ||
| 040 | _cBD-ChCU | ||
| 082 | _a591.15 STG | ||
| 100 |
_aStrickberger, Monroe W. _918944 |
||
| 245 |
_aGenetics.// _cMonroe W. Strickberger. |
||
| 260 |
_aNew York _bMacmillan _c1968 |
||
| 300 | _aHeredity. | ||
| 942 |
_2ddc _cBK _n0 |
||
| 999 |
_c110883 _d110883 |
||